000 00586cab a2200217 4500
001 ABS39059
008 090401t1988 xxu||||| |||| 00| 0 eng d
035 _a(Sirsi) u14126
041 _aeng
100 _aJohnson, P.
245 _aChoosing landlords
260 _c1988
350 _a0
490 _aMunicipal Journal
_v96(16) 22 April 1988, 807(1)
520 _aDescribes the provisions in the Housing Bill for choosing a landlord .
650 _aCOUNCIL HOUSING
650 _aPICK A LANDLORD SCHEME
690 _aBlock management
_96220
942 _n0
948 _c04/03/1997
999 _c9168
_d9168